Plats avec des Champignons - Mort Subite - Statistiques

Statistiques générales
  • Ce quiz a été pris 139 fois
  • Le résultat moyen est 5 sur 16
Answers on the Grid
Answers color-coded by a green-red scale on the quiz's grid according to % correct below.
Portobello farci
Poulet chasseur
Diri djondjon
Coulibiac
Quiche aux champignons de Paris
Ciuiama de ciuperci
Croquetas de boletus
Zapiekanka
Veau Orloff
Croûte aux morilles
Enoki tempura
Selsko meso
Zupa borowikowa
Délice de Bouddha
Beosut bokkeum
Risotto ai funghi porcini
Mesclun
Galbi-gui
Fabada asturiana
Medianoche
Croque-monsieur
Gratin dauphinois
Gyeran-jjim
Bryndzové halušky
Poulet Gaston Gérard
Salade César
Taboulé
Zupa ogórkowa
 
Statistiques - réponses
Réponse % Correct
Quiche aux champignons de Paris
74%
Croûte aux morilles
71%
Risotto ai funghi porcini
59%
Poulet chasseur
56%
Portobello farci
35%
Croquetas de boletus
33%
Veau Orloff
32%
Enoki tempura
26%
Ciuiama de ciuperci
14%
Selsko meso
14%
Zapiekanka
14%
Coulibiac
13%
Diri djondjon
10%
Beosut bokkeum
8%
Zupa borowikowa
7%
Délice de Bouddha
4%
Aucun quiz correspondant
Distribution des résultats
% des personnes avec chaque résultat
Percentile par nombre de réponses
Votre historique - résultats
Vous n’avez pas pris ce quiz